Statistiques concernant Meilleurs marqueurs de la NBA

Cliquez ici pour prendre le quiz!

Statistiques générales

  • Ce quiz a été pris 194 fois
  • Le résultat moyen est 13 sur 25

Statistiques - réponses

Total de pointsJoueur% Correct
38 411LeBron James
99%
32 292Michael Jordan
92%
33 643Kobe Bryant
87%
28 596Shaquille O'Neal
77%
38 387KareemAbdul-Jabbar
75%
36 928Karl Malone
72%
26 684Kevin Durant
72%
27 409Moses Malone
71%
31 419Wilt Chamberlain
69%
26 496Tim Duncan
66%
25 192Jerry West
56%
26 946Hakeem Olajuwon
52%
28 289Carmelo Anthony
51%
31 560Dirk Nowitzki
50%
26 071Kevin Garnett
44%
26 397Paul Pierce
39%
25 728Vince Carter
36%
26 710Oscar Robertson
35%
24 815Patrick Ewing
35%
24 505Ray Allen
33%
26 668Dominique Wilkins
30%
26 395John Havlicek
26%
25 279Reggie Miller
22%
27 313Elvin Hayes
21%
25 613Alex English
16%

Distribution des résultats

Percentile par nombre de réponses

% des personnes avec chaque résultat

Votre développement - résultats

Vous n’avez pas pris ce quiz